000 00777nam a2200241Ia 4500
003 OSt
005 20221006164037.0
006 a|||||r|||| 00| 0
007 ta
008 221006b |||||||| |||| 00| 0 hin d
024 _a7,589
037 _cDissertations
040 _aFML
_cFML
_bhin
041 _2hin
_ahin
100 _aSharma Bhupendra Au.
_9676494
110 _aPumjab University Chandigarg. Faculty of Music and Fine Arts. Department of Music
_9676495
245 0 _aKullu Ke Mandiron Main Prayukt Vaadya Aur Unki Vaadan Pranali
260 _c2003
300 _a80
_ccm.
700 _aPumjab University Chandigarg. Faculty of Music and Fine Arts. Department of Music
_9676496
942 _cDIS
_2CC
999 _c1116066
_d1116066